| 000 | 00399nam a2200145Ia 4500 | ||
|---|---|---|---|
| 008 | 230312s9999||||xx |||||||||||||| ||und|| | ||
| 082 |
_a616.855 _bHUM |
||
| 100 | _aGeorge H. Shames | ||
| 245 | 0 | _aHuman Communication Disorders | |
| 260 |
_bCharles E. Merrill Publishing _aToronto _c1982 |
||
| 300 | _a522 | ||
| 546 | _aEng. | ||
| 650 |
_aEngineering _vHuman Language and Communication , |
||
| 942 | _cBK | ||
| 999 |
_c1864 _d1864 |
||